00560cam a2200193 a 4500020002800000082001900028245002900047260006000076300001700136650001600153650001300169650000800182650001000190650002200200700002200222942000700244952009800251999001700349 a0878406034 (alk. paper)00a291.17873bBUR00aWar and its discontents  aWashington, D.C. :bGeorgetown University Press,c1996. axi, 220 p. ; 0aNonviolence 0aPacifism 0aWar 0aPeace 0aJust war doctrine1 aBurns, J. Patout. cBK 00104070aHMIbHMIcGENd2018-10-23l0o291.17873 BURp11003720r2026-01-16w2026-01-16yBK c22353d22353